000 00216nam a22000857a 4500
008 161202b xxu||||| |||| 00| 0 eng d
100 _91739
_aSoni, A., etal
245 _aA Course in Computers
260 _aNew Delhi
_bNavdeep
999 _c4449
_d4449